<?xml version="1.0" encoding="UTF-8"?>
<record
    xmlns:xsi="http://www.w3.org/2001/XMLSchema-instance"
    xsi:schemaLocation="http://www.loc.gov/MARC21/slim http://www.loc.gov/standards/marcxml/schema/MARC21slim.xsd"
    xmlns="http://www.loc.gov/MARC21/slim">

  <leader>01280nam a2200289 i 4500</leader>
  <controlfield tag="001">bg</controlfield>
  <datafield tag="946" ind1=" " ind2=" ">
    <subfield code="c">34,00</subfield>
  </datafield>
  <datafield tag="100" ind1="1" ind2=" ">
    <subfield code="a">Potrzebowska, Halina.</subfield>
  </datafield>
  <datafield tag="245" ind1="1" ind2="0">
    <subfield code="a">Zabezpieczenia i izolacje :</subfield>
    <subfield code="b">[instrukcja].</subfield>
    <subfield code="n">Z. 10,</subfield>
    <subfield code="p">Izolacje cieplne instalacji sanitarnych i sieci ciep&#x142;owniczych /</subfield>
    <subfield code="c">[aut. Halina Potrzebowska ; oprac. red. Danuta Szczepa&#x144;ska].</subfield>
  </datafield>
  <datafield tag="260" ind1=" " ind2=" ">
    <subfield code="a">Warszawa :</subfield>
    <subfield code="b">Instytut Techniki Budowlanej,</subfield>
    <subfield code="c">2008.</subfield>
  </datafield>
  <datafield tag="300" ind1=" " ind2=" ">
    <subfield code="a">50, [1] s. ;</subfield>
    <subfield code="c">24 cm.</subfield>
  </datafield>
  <datafield tag="490" ind1="1" ind2=" ">
    <subfield code="a">Instrukcje. Wytyczne. Poradniki / Instytut Techniki Budowlanej ;</subfield>
    <subfield code="a">Warunki Techniczne Wykonania i Odbioru Rob&#xF3;t Budowlanych ;</subfield>
    <subfield code="v">439/2008</subfield>
    <subfield code="v">cz. C</subfield>
  </datafield>
  <datafield tag="490" ind1="1" ind2=" ">
    <subfield code="a">Warunki Techniczne Wykonania i Odbioru Rob&#xF3;t Budowlanych ;</subfield>
    <subfield code="v">cz. C</subfield>
  </datafield>
  <datafield tag="650" ind1=" " ind2="9">
    <subfield code="a">Izolacje cieplne</subfield>
    <subfield code="x">budownictwo</subfield>
    <subfield code="x">normalizacja</subfield>
    <subfield code="z">Polska</subfield>
  </datafield>
  <datafield tag="655" ind1=" " ind2=" ">
    <subfield code="a">Instrukcje</subfield>
  </datafield>
  <datafield tag="700" ind1="1" ind2=" ">
    <subfield code="a">Szczepa&#x144;ska, Danuta.</subfield>
    <subfield code="e">Oprac.</subfield>
  </datafield>
  <datafield tag="830" ind1=" " ind2="0">
    <subfield code="a">Instrukcje. Wytyczne. Poradniki - Instytut Techniki Budowlanej ;</subfield>
    <subfield code="v">439/2008</subfield>
  </datafield>
  <datafield tag="830" ind1=" " ind2=" ">
    <subfield code="a">Warunki Techniczne Wykonania i Odbioru Rob&#xF3;t Budowlanych ;</subfield>
  </datafield>
  <datafield tag="020" ind1=" " ind2=" ">
    <subfield code="a">8373706607 (ca&#x142;o&#x15B;&#x107;)</subfield>
  </datafield>
  <datafield tag="020" ind1=" " ind2=" ">
    <subfield code="a">9788324918485 (z. 10)</subfield>
  </datafield>
  <datafield tag="040" ind1=" " ind2=" ">
    <subfield code="c">BPK</subfield>
  </datafield>
  <datafield tag="041" ind1="0" ind2=" ">
    <subfield code="a">pol</subfield>
  </datafield>
  <datafield tag="044" ind1=" " ind2=" ">
    <subfield code="a">POL</subfield>
  </datafield>
  <datafield tag="080" ind1=" " ind2=" ">
    <subfield code="a">696:699.8](083.1)</subfield>
  </datafield>
  <datafield tag="942" ind1=" " ind2=" ">
    <subfield code="c">KS</subfield>
  </datafield>
  <controlfield tag="008">      s        pl     f     |000 0 pol  </controlfield>
  <datafield tag="999" ind1=" " ind2=" ">
    <subfield code="c">49819</subfield>
    <subfield code="d">49819</subfield>
  </datafield>
  <datafield tag="856" ind1=" " ind2=" ">
    <subfield code="u">http://koha.tu.koszalin.pl/cgi-bin/koha/opac-detail.pl?biblionumber=49819</subfield>
    <subfield code="y">Katalog online BPK</subfield>
  </datafield>
  <datafield tag="952" ind1=" " ind2=" ">
    <subfield code="0">0</subfield>
    <subfield code="1">0</subfield>
    <subfield code="4">0</subfield>
    <subfield code="7">1</subfield>
    <subfield code="a">ELBUD</subfield>
    <subfield code="b">ELBUD</subfield>
    <subfield code="c">b</subfield>
    <subfield code="o">S 2042</subfield>
    <subfield code="p">02400020</subfield>
    <subfield code="t">699.8 Ob.Ib</subfield>
    <subfield code="y">KS</subfield>
  </datafield>
</record>
